Bundle Skin Valorant - Statistiques

Statistiques générales
  • Ce quiz a été pris 74 fois
  • Le résultat moyen est 27 sur 44
Statistiques - réponses
Par images Réponse % Correct
Champions 2023
90%
Champions 2021
88%
Champions 2025
88%
Champions 2022
86%
Vengeance de Gaïa
86%
Oni
85%
Champions 2024
83%
EX.O
81%
Minima
80%
Prélude au chaos
80%
Aemondir
78%
Kuronami
78%
Araxys
76%
Ion
76%
Rêvailes d'Evori
73%
Neptune
71%
Pilleur
71%
RGX 11z Pro
71%
Singularité
69%
Ayakashi
66%
ChronoVoid
66%
Primordium
64%
BlastX
63%
Divergence
63%
Primordial
63%
Magepunk
59%
Nocturnum
59%
Ora
59%
Phaseguard
56%
Royal
56%
Helix
49%
SplashX
49%
Impérial
47%
Sentinelles de la lumière
44%
Vengeance de dolmir
44%
Exilé
42%
Foudre
41%
Ruine
37%
Feu ancien
32%
Mystyosotis
27%
Valeureux héros
27%
Chewing-gum fatal
19%
Terres désolées
14%
Nanomight
8%
Aucun quiz correspondant
Distribution des résultats
% des personnes avec chaque résultat
Percentile par nombre de réponses
Votre historique - résultats
Vous n’avez pas pris ce quiz